[Event "Leiden SB-chB"]
[Site "Leiden"]
[Date "2014.06.03"]
[Round "4"]
[White "Kuipers, Joris"]
[Black "Telkamp, Harry"]
[Result "1-0"]
[WhiteElo "1635"]
[BlackElo "1735"]
[PlyCount "73"]
[EventDate "2014.05.13"]
[EventType "swiss"]
[EventRounds "7"]
[EventCountry "NED"]
[SourceTitle "EXT 2015"]
[Source "ChessBase"]
[SourceDate "2014.11.20"]
[SourceVersion "1"]
[SourceVersionDate "2014.11.20"]
[SourceQuality "1"]

1. d4 Nf6 2. Nf3 g6 3. Bf4 Bg7 4. e3 0-0 5. c4 d6 6. Nc3 Nbd7 7. Be2 c5 8. d5 Nh5 9. Bg5 h6 10. Bh4 Nhf6 11. 0-0 a6 12. h3 b6 13. Bg3 Bb7 14. e4 Nh7 15. Qd2 f6 16. Nh4 Qe8 17. f4 f5 18. exf5 gxf5 19. Bd3 Bd4+ 20. Kh1 b5 21. Bxf5 bxc4 22. Qe2 Nhf6 23. Qe6+ Qf7 24. Qe2 Nxd5 25. Be6 Ne3 26. Bxf7+ Rxf7 27. Bf2 Nxf1 28. Rxf1 e5 29. Qg4+ Rg7 30. Qe6+ Kh8 31. Qxh6+ Kg8 32. Qe6+ Kh7 33. Qf5+ Kg8 34. Ne4 Rf8 35. Qe6+ Kh7 36. Ng5+ Rxg5 37. fxg5 1-0

[Event "Leiden SB-ch"]
[Site "Leiden"]
[Date "2003.07.01"]
[Round "7"]
[White "Vermeend, Joost"]
[Black "Telkamp, Harry"]
[Result "0-1"]
[WhiteElo "1902"]
[BlackElo "1645"]
[PlyCount "60"]
[EventDate "2003.05.20"]
[EventType "swiss"]
[EventRounds "7"]
[EventCountry "NED"]
[SourceTitle "CBM 095 Extra"]
[Source "ChessBase"]
[SourceDate "2003.09.04"]
[SourceVersion "1"]
[SourceVersionDate "2003.09.04"]
[SourceQuality "1"]

1. e4 c5 2. Nf3 Nc6 3. d4 cxd4 4. Nxd4 Nf6 5. Nc3 e5 6. Ndb5 d6 7. Na3 Be7 8. Bg5 0-0 9. Nc4 Nd4 10. Bxf6 Bxf6 11. Nd5 b5 12. Nce3 Bg5 13. c3 Ne6 14. Bxb5 Rb8 15. Bc4 Rxb2 16. Bb3 Nc5 17. Nc4 Rxb3 18. axb3 f5 19. exf5 Bxf5 20. 0-0 Bd3 21. Re1 Qd7 22. Nb4 e4 23. Ra2 d5 24. Ne5 Qf5 25. Nexd3 exd3 26. Rf1 d2 27. Ra5 Ne4 28. Rxd5 Qf6 29. Qc2 Nxf2 30. Qb1 Be3 0-1

[Event "Leiden SB-ch"]
[Site "Leiden"]
[Date "2002.07.02"]
[Round "7"]
[White "Van Rijn, Luuk"]
[Black "Telkamp, Harry"]
[Result "1-0"]
[WhiteElo "1844"]
[BlackElo "1643"]
[PlyCount "21"]
[EventDate "2002.05.21"]
[EventType "swiss"]
[EventRounds "7"]
[EventCountry "NED"]
[SourceTitle "EXT 2003"]
[Source "ChessBase"]
[SourceDate "2002.11.25"]
[SourceVersion "1"]
[SourceVersionDate "2002.11.25"]
[SourceQuality "1"]

1. e4 c5 2. c3 g6 3. d4 b6 4. Nf3 Bg7 5. Bc4 Bb7 6. dxc5 bxc5 7. Qb3 Bxe4 8. Bxf7+ Kf8 9. Ng5 Nf6 10. Nxe4 Nxe4 11. Bd5 1-0